Les records des Jeux Olympiques d'hiver par discipline - Statistiques

Statistiques générales
  • Ce quiz a été pris 8 fois
  • Le résultat moyen est 12 sur 185
Statistiques - réponses
Hint Rang Indice 2 Indice 3 Prénom et nom % Correct
Les hommes les plus médaillés en biathlon 5 France 7 médailles Martin {Fourcade}
86%
Les hommes les plus médaillés en biathlon 1 Norvège 13 médailles Ole Einar {Bjorndalen}
86%
Les femmes les plus médaillées en patinage de vitesse sur piste courte 7 Chine 5 médailles Yang {Yang S}
86%
Les hommes les plus médaillés en ski alpin 2 Etats-Unis 6 médailles Bode {Miller}
71%
Les femmes les plus médaillées en biahlon 6 Norvège 5 médailles Tiril {Eckhoff}
71%
Les hommes les plus médaillés en ski alpin 6 Autriche 4 médailles Hermann {Maier}
57%
Les hommes les plus médaillés en ski alpin 10 Croatie 4 médailles Ivica {Kostelic}
57%
Les femmes les plus médaillées en ski alpin 1 Croatie 6 médailles Janice {Kostelic}
57%
Les hommes les plus médaillés en ski alpin 7 Norvège 4 médailles Aksel Lund {Svindal}
43%
Les hommes les plus médaillés en ski alpin 3 Italie 5 médailles Alberto {Tomba}
43%
Les femmes les plus médaillées en snowboard 1 Etats-Unis 3 médailles Chloe {Kim}
43%
Les hommes les plus médaillés en snowboard 1 Etats-Unis 3 médailles Shaun {White}
43%
Les hommes les plus médaillés en ski alpin 1 Norvège 8 médailles Kjetil André {Aamodt}
29%
Les hommes les plus médaillés en ski alpin 5 Norvège 5 médailles Lasse {Kjus}
29%
Les femmes les plus médaillées en ski alpin 4 Suisse 5 médailles Vrani {Schneider}
29%
Les femmes les plus médaillées en patinage de vitesse sur piste courte 5 Chine 5 médailles Yang {Yang A}
29%
Les femmes les plus médaillées en biahlon 4 Slovaquie 6 médailles Anastasia {Kuzmina}
14%
Les femmes les plus médaillées en ski alpin 2 Suède 6 médailles Anja {Paerson}
14%
Les hommes les plus médaillés en ski alpin 8 Autriche 4 médailles Benjamin {Raich}
14%
Les hommes les plus médaillés en ski de fond 1 Norvège 12 médailles Bjorn {Daehlie}
14%
Les hommes les plus médaillés en patinage de vitesse sur piste courte 8 Chine 4 médailles Dajing {Wu}
14%
Les femmes les plus médaillées en biahlon 3 Biélorussie 6 médailles Darya {Domracheva}
14%
Les hommes les plus médaillés en biathlon 3 Norvège 8 médailles Emil Hegle {Svensen}
14%
Les femmes les plus médaillées en patinage de vitesse 1 Pays-Bas 11 médailles Ireen {Wust}
14%
Les femmes les plus médaillées en ski alpin 3 Allemagne 5 médailles Katja {Seizinger}
14%
Les hommes les plus médaillés en curling 2 Canada 2 médailles Kevin {Martin}
14%
Les hommes les plus médaillés en ski alpin 4 Norvège 5 médailles Kjetil {Jansrud}
14%
Les femmes les plus médaillées en ski de fond 7 Russie 7 médailles Larissa {Lazutina}
14%
Les femmes les plus médaillées en ski de fond 4 Russie 9 médailles Ljubov {Egorova}
14%
Les femmes les plus médaillées en ski de fond 1 Norvège 15 médailles Marit {Bjorgen}
14%
Les hommes les plus médaillés en biathlon 2 Allemagne 8 médailles Ricco {Gross}
14%
Les hommes les plus médaillés en hockey sur glace 6 Finlande 4 médailles Saku {Koivu}
14%
Les femmes les plus médaillées en patinage de vitesse sur piste courte 6 Corée-du-Sud 5 médailles Seung-Hi {Park}
14%
Les hommes les plus médaillés en saut à ski 3 Suisse 4 médailles Simon {Ammann}
14%
Les femmes les plus médaillées en ski de fond 3 Italie 10 médailles Stefania {Belmondo}
14%
Les hommes les plus médaillés en ski alpin 9 Autriche 4 médailles Stephan {Eberharter}
14%
Les hommes les plus médaillés en biathlon 4 Allemagne 8 médailles Sven {Fischer}
14%
Les hommes les plus médaillés en patinage de vitesse 1 Pays-Bas 9 médailles Sven {Kramer}
14%
Les hommes les plus médaillés en saut à ski 10 Pologne 4 médailles Adam {Malysz}
0%
Les femmes les plus médaillées en curling 7 Suède 2 médailles Agnes {Knochenhauer}
0%
Les femmes les plus médaillées en biahlon 5 Russie 5 médailles Albina {Akhatova}
0%
Les hommes les plus médaillés en biathlon 8 URSS 5 médailles Aleksandr {Tikhonov}
0%
Les femmes les plus médaillées en snowboard 9 Allemagne 2 médailles Amélie {Kober}
0%
Les femmes les plus médaillées en patinage de vitesse 5 Allemagne 7 médailles Andréa {Ehrig}
0%
Les hommes les plus médaillés en saut à ski 2 Allemagne 5 médailles Andreas {Wellinger}
0%
Les hommes les plus médaillés en bobsleigh 5 Allemagne 5 médailles André {Lange}
0%
Les femmes les plus médaillées en curling 3 Suède 2 médailles Anette {Norberg}
0%
Les femmes les plus médaillées en hockey sur glace 8 Etats-Unis 4 médailles Angela {Ruggiero}
0%
Les femmes les plus médaillées en curling 4 Suède 2 médailles Anna {Svard}
0%
Les femmes les plus médaillées en patinage de vitesse 10 Pays-Bas 5 médailles Annie {Friesinger-Postma}
0%
Les hommes les plus médaillés en patinage de vitesse sur piste courte 2 Etats-Unis 8 médailles Apolo Anton {Ohno}
0%
Les femmes les plus médaillées en patinage de vitesse sur piste courte 1 Italie 8 médailles Arianna {Fontana}
0%
Les femmes les plus médaillées en snowboard 4 Etats-Unis 3 médailles Arielle {Gold}
0%
Les hommes les plus médaillés en luge 1 Italie 6 médailles Armin {Zoggeler}
0%
Les femmes les plus médaillées en hockey sur glace 5 Canada 4 médailles Becky {Kellar}
0%
Les hommes les plus médaillés en bobsleigh 1 Allemagne 7 médailles Bogdan {Musiol}
0%
Les femmes les plus médaillées en patinage de vitesse 7 Etats-Unis 6 médailles Bonnie {Blair}
0%
Les femmes les plus médaillées en hockey sur glace 3 Canada 4 médailles Caroline {Ouelette}
0%
Les femmes les plus médaillées en curling 2 Suède 2 médailles Cathrine {Lindahl}
0%
Les femmes les plus médaillées en patinage de vitesse sur piste courte 9 Etats-Unis 4 médailles Cathy {Turner}
0%
Les hommes les plus médaillés en patinage de vitesse 11 Etats-Unis 5 médailles Chad {Hedrick}
0%
Les femmes les plus médaillées en ski de fond 5 Suède 9 médailles Charlotte {Kalla}
0%
Les femmes les plus médaillées en patinage de vitesse 8 Canada 6 médailles Cindy {Klassen}
0%
Les hommes les plus médaillés en patinage de vitesse 3 Finlande 7 médailles Clas {Thunberg}
0%
Les femmes les plus médaillées en patinage de vitesse 2 Allemagne 9 médailles Claudia {Pechstein}
0%
Les femmes les plus médaillées en snowboard 10 Canada 2 médailles Dominique {Maltais}
0%
Les hommes les plus médaillés en ski de fond 4 Finlande 7 médailles Eero {Mantyranta}
0%
Les femmes les plus médaillées en bobsleigh 2 Etats-Unis 3 médailles Elana {Meyers}
0%
Les femmes les plus médaillées en skeleton 1 Royaume-Uni 2 médailles Elizabeth {Yarnold}
0%
Les femmes les plus médaillées en snowboard 11 Finlande 2 médailles Enni {Rukajarvi}
0%
Les hommes les plus médaillés en patinage de vitesse sur piste courte 7 Canada 4 médailles Eric {Bédard}
0%
Les hommes les plus médaillés en patinage de vitesse 6 Etats-Unis 5 médailles Eric {Heiden}
0%
Les hommes les plus médaillés en bobsleigh 4 Italie 6 médailles Eugenio {Monti}
0%
Les femmes les plus médaillées en patinage de vitesse sur piste courte 8 Corée-du-Sud 4 médailles Eun-Gyeong {ChoÏ}
0%
Les femmes les plus médaillées en curling 1 Suède 2 médailles Eva {Lund}
0%
Les femmes les plus médaillées en snowboard 8 Tchéquie 2 médailles Eva {Samkova}
0%
Les hommes les plus médaillés en patinage artistique 3 Russie 4 médailles Evgeny {Plyushchenko}
0%
Les hommes les plus médaillés en combiné nordique 1 Autriche 7 médailles Félix {Gottwald}
0%
Les hommes les plus médaillés en biathlon 10 Allemagne 5 médailles Franck {Luck}
0%
Les hommes les plus médaillés en patinage de vitesse sur piste courte 4 Canada 5 médailles François-Louis {Tremblay}
0%
Les hommes les plus médaillés en bobsleigh 6 Suisse 5 médailles Fritz {Feierabend}
0%
Les femmes les plus médaillées en ski de fond 6 URSS 8 médailles Galina {Kulakova}
0%
Les hommes les plus médaillés en luge 2 Allemagne 5 médailles Georg {Hackl}
0%
Les hommes les plus médaillés en patinage artistique 2 Suède 4 médailles Gillis {Grafstrom}
0%
Les hommes les plus médaillés en saut à ski 7 Autriche 4 médailles Gregor {Schlierenzauer}
0%
Les hommes les plus médaillés en skeleton 4 Suisse 2 médailles Gregor {Staehli}
0%
Les femmes les plus médaillées en patinage de vitesse 4 Allemagne 8 médailles Gunda {Niemann-Stirnemann}
0%
Les hommes les plus médaillés en ski de fond 7 Suède 6 médailles Gunde Anders {Svan}
0%
Les hommes les plus médaillés en biathlon 6 Norvège 6 médailles Halvard {Hanevold}
0%
Les femmes les plus médaillées en snowboard 6 Etats-Unis 2 médailles Hannah {Teter}
0%
Les hommes les plus médaillés en ski de fond 11 Finlande 6 médailles Harri {Kirvesniemi}
0%
Les femmes les plus médaillées en hockey sur glace 2 Canada 5 médailles Hayley {Wickenheiser}
0%
Les femmes les plus médaillées en bobsleigh 3 Canada 2 médailles Heather {Moyse}
0%
Les hommes les plus médaillés en patinage de vitesse sur piste courte 10 Chine 4 médailles Hongzi {Xu}
0%
Les hommes les plus médaillés en patinage de vitesse sur piste courte 5 Corée-du-Sud 5 médailles Ho-Suk {Lee}
0%
Les hommes les plus médaillés en patinage de vitesse sur piste courte 9 Corée-du-Sud 4 médailles Hyo-Jun {Im}
0%
Les hommes les plus médaillés en hockey sur glace 3 URSS / CEI / Russie 4 médailles Igor {Kravchuk}
0%
Les hommes les plus médaillés en patinage de vitesse 2 Norvège 7 médailles Ivar {Ballangrud}
0%
Les femmes les plus médaillées en skeleton 2 Allemagne 2 médailles Jacqueline {Lolling}
0%
Les femmes les plus médaillées en snowboard 3 Etats-Unis 3 médailles Jamie {Anderson}
0%
Les hommes les plus médaillés en luge 6 Allemagne 4 médailles Jan {Behrendt}
0%
Les femmes les plus médaillées en hockey sur glace 1 Canada 5 médailles Jayna {Hefford}
0%
Les femmes les plus médaillées en hockey sur glace 4 Canada 4 médailles Jennifer {Botterill}
0%
Les hommes les plus médaillés en skeleton 2 Etats-Unis 2 médailles Jennison {Heaton}
0%
Les femmes les plus médaillées en hockey sur glace 7 Etats-Unis 4 médailles Jenny {Potter}
0%
Les hommes les plus médaillés en saut à ski 4 Allemagne 4 médailles Jens {Weissflog}
0%
Les hommes les plus médaillés en hockey sur glace 5 Finlande 4 médailles Jere {Lehtinen}
0%
Les hommes les plus médaillés en patinage de vitesse sur piste courte 6 Chine 5 médailles Jiajun {Li}
0%
Les hommes les plus médaillés en hockey sur glace 2 Tchécoslovaquie 4 médailles Jiri {Holik}
0%
Les hommes les plus médaillés en curling 4 Etats-Unis 2 médailles Joe {Polo}
0%
Les hommes les plus médaillés en combiné nordique 2 Norvège 6 médailles Johan {Grottumsbraaten}
0%
Les hommes les plus médaillés en patinage de vitesse 7 Norvège 5 médailles Johann Olav {Koss}
0%
Les hommes les plus médaillés en ski de fond 9 Suède 6 médailles Johann {Olsson}
0%
Les hommes les plus médaillés en skeleton 1 Etats-Unis 3 médailles John {Heaton}
0%
Les hommes les plus médaillés en curling 1 Canada 2 médailles John {Morris}
0%
Les hommes les plus médaillés en curling 5 Etats-Unis 2 médailles John {Shuster}
0%
Les femmes les plus médaillées en hockey sur glace 9 Etats-Unis 4 médailles Julie {Chu}
0%
Les femmes les plus médaillées en bobsleigh 1 Canada 3 médailles Kaillie {Humphries}
0%
Les femmes les plus médaillées en curling 5 Canada 2 médailles Kaitlyn {Lawes}
0%
Les hommes les plus médaillés en saut à ski 6 Pologne 4 médailles Kamil {Stoch}
0%
Les femmes les plus médaillées en snowboard 5 France 2 médailles Karine {Ruby}
0%
Les femmes les plus médaillées en patinage de vitesse 3 Allemagne 8 médailles Karin {Kania-Enke}
0%
Les femmes les plus médaillées en ski acrobatique 1 Norvège 3 médailles Kari {Traa}
0%
Les femmes les plus médaillées en biahlon 2 Allemagne 7 médailles Kati {Wilthelm}
0%
Les femmes les plus médaillées en snowboard 2 Etats-Unis 3 médailles Kelly {Klark}
0%
Les hommes les plus médaillés en bobsleigh 2 Allemagne 6 médailles Kevin {Kuske}
0%
Les hommes les plus médaillés en hockey sur glace 8 Finlande 4 médailles Kimmo {Timonen}
0%
Les hommes les plus médaillés en luge 7 Allemagne 4 médailles Klaus {Bonsack}
0%
Les hommes les plus médaillés en patinage de vitesse 9 Norvège 5 médailles Knut {Johannesen}
0%
Les femmes les plus médaillées en patinage de vitesse sur piste courte 4 Corée-du-Sud 5 médailles Lee-Kyung {Chun}
0%
Les hommes les plus médaillés en snowboard 3 Canada 3 médailles Liam {Brearley}
0%
Les femmes les plus médaillées en patinage de vitesse 6 URSS / Russie 6 médailles Lydia {Skoblikova}
0%
Les femmes les plus médaillées en ski de fond 10 Italie 7 médailles Manuela {Di Centa}
0%
Les hommes les plus médaillés en patinage de vitesse sur piste courte 3 Canada 5 médailles Marc {Gagnon}
0%
Les hommes les plus médaillés en ski alpin 11 Autriche 4 médailles Marco {Schwartz}
0%
Les femmes les plus médaillées en ski de fond 9 Finlande 7 médailles Marja Liisa {Kirvesniemi}
0%
Les hommes les plus médaillés en curling 9 Suisse 2 médailles Markus {Eggler}
0%
Les femmes les plus médaillées en patinage de vitesse 9 Tchécoslovaquie 6 médailles Martina {Sablikova}
0%
Les hommes les plus médaillés en skeleton 3 Lettonie 2 médailles Martin {Dukurs}
0%
Les hommes les plus médaillés en saut à ski 9 Autriche 4 médailles Martin {Hoellwarth}
0%
Les hommes les plus médaillés en saut à ski 8 Allemagne 4 médailles Matti {Hautamaeki}
0%
Les hommes les plus médaillés en saut à ski 1 Finlande 5 médailles Matti {Nykanen}
0%
Les femmes les plus médaillées en hockey sur glace 6 Canada 4 médailles Meghan {Acosta}
0%
Les femmes les plus médaillées en snowboard 12 Pays-Bas 2 médailles Melissa {Peperkamp}
0%
Les femmes les plus médaillées en patinage de vitesse sur piste courte 3 Chine 6 médailles Meng {Wang}
0%
Les hommes les plus médaillés en ski de fond 10 Finlande 6 médailles Mika {Myllylae}
0%
Les femmes les plus médaillées en curling 6 Suisse 2 médailles Myriam {Ott}
0%
Les femmes les plus médaillées en luge 1 Allemagne 5 médailles Natalie {Geisenberger}
0%
Les hommes les plus médaillés en curling 8 Suède 2 médailles Niklas {Edin}
0%
Les hommes les plus médaillés en curling 7 Russie 2 médailles Nikolay {Lysakov}
0%
Les hommes les plus médaillés en curling 6 Suède 2 médailles Oskar {Eriksson}
0%
Les hommes les plus médaillés en biathlon 9 Allemagne 5 médailles Peter {Angerer}
0%
Les femmes les plus médaillées en ski de fond 2 URSS 10 médailles Raisa {Smetanina}
0%
Les hommes les plus médaillés en patinage de vitesse 5 Pays-Bas 6 médailles Rintje {Ritsma}
0%
Les hommes les plus médaillés en patinage de vitesse 4 Norvège 6 médailles Roald {Larsen}
0%
Les hommes les plus médaillés en combiné nordique 3 Finlande 5 médailles Samppa {Lajunen}
0%
Les femmes les plus médaillées en bobsleigh 4 Allemagne 2 médailles Sandra {Prokoff-Kiriasis}
0%
Les hommes les plus médaillés en patinage artistique 1 Canada 5 médailles Scott {Moir}
0%
Les femmes les plus médaillées en patinage de vitesse sur piste courte 2 Corée-du-Sud 7 médailles Seok-Hui {Sim}
0%
Les hommes les plus médaillés en biathlon 7 URSS / CEI / Russie 6 médailles Sergueï {Tchepikov}
0%
Les hommes les plus médaillés en patinage de vitesse 10 Corée-du-sud 5 médailles Seung-Hun {Lee}
0%
Les femmes les plus médaillées en luge 2 Allemagne 3 médailles Silke {Kraushaar}
0%
Les hommes les plus médaillés en ski de fond 2 Suède 9 médailles Sixten {Jernberg}
0%
Les hommes les plus médaillés en luge 5 Allemagne 4 médailles Stefan {Krausse}
0%
Les femmes les plus médaillées en patinage de vitesse sur piste courte 10 Canada 4 médailles Tania {Vincent}
0%
Les femmes les plus médaillées en luge 3 Allemagne 3 médailles Tatjana {Huefner}
0%
Les hommes les plus médaillés en hockey sur glace 7 Finlande 4 médailles Teemu {Selanne}
0%
Les femmes les plus médaillées en patinage artistique 1 Canada 5 médailles Tessa {Virtue}
0%
Les hommes les plus médaillés en ski de fond 6 Norvège 6 médailles Thomas {Alsgaard}
0%
Les hommes les plus médaillés en saut à ski 5 Autriche 4 médailles Thomas {Morgenstern}
0%
Les hommes les plus médaillés en luge 4 Allemagne 4 médailles Tobias {Arlt}
0%
Les hommes les plus médaillés en luge 3 Allemagne 4 médailles Tobias {Wendl}
0%
Les femmes les plus médaillées en snowboard 7 Australie 2 médailles Torah {Bright}
0%
Les hommes les plus médaillés en curling 3 Norvège 2 médailles Torger {Nergaard}
0%
Les femmes les plus médaillées en biahlon 1 Allemagne 9 médailles Uschi {Disl}
0%
Les hommes les plus médaillés en ski de fond 8 Norvège 6 médailles Vegard {Ulvang}
0%
Les hommes les plus médaillés en ski de fond 3 Finlande 7 médailles Veikko {Hakulinen}
0%
Les hommes les plus médaillés en patinage de vitesse sur piste courte 1 Corée-du-Sud / Russie 8 médailles Victor {An}
0%
Les hommes les plus médaillés en hockey sur glace 4 Finlande 4 médailles Ville {Peltonen}
0%
Les hommes les plus médaillés en ski de fond 5 URSS/ CEI / Kazakhstan 7 médailles Vladimir {Smirnov}
0%
Les hommes les plus médaillés en hockey sur glace 1 URSS 4 médailles Vladislav {Tretyak}
0%
Les hommes les plus médaillés en bobsleigh 3 Allemagne 6 médailles Wolfgang {Hoppe}
0%
Les femmes les plus médaillées en ski de fond 8 Russie 7 médailles Yelena {Valbe}
0%
Les hommes les plus médaillés en patinage de vitesse 8 URSS 5 médailles Yevgeny {Grishin}
0%
Les hommes les plus médaillés en snowboard 2 Slovénie 3 médailles Zan {Kosir}
0%
Aucun quiz correspondant
Distribution des résultats
% des personnes avec chaque résultat
Percentile par nombre de réponses
Votre historique - résultats
Vous n’avez pas pris ce quiz